00361nam a2200145Ia 4500003000400000008004100004040001600045082001300061100001900074245004400093260003100137300001000168650001500178650002200193GCL140319s9999 xx 000 0 eng d aGCL / cGCL04a843bR M1 aROGER, DUCHENE10aMADAME DE LA FAYETTE / cROGER, DUCHENE a[S.N] : bFAYARD ، c1987 a534 P04aLITERATURE04aFRENCH LITERATURE